[Event "Deutsche Ländermeisterschaft 2025"]
[Site "Oer-Erkenschwick GER"]
[Date "2025.10.01"]
[Round "2"]
[White "Mkrtchyan, Nona"]
[Black "Kopylov, Diana"]
[Result "0-1"]
[Termination "normal"]
[Board "6.6"]
[WhiteElo "1607"]
[BlackElo "1836"]
[WhiteClock "00:03:28"]
[BlackClock "00:00:59"]
[WhiteTeam "Hamburg 2"]
[BlackTeam "Schleswig-Holstein"]
[PlyCount "128"]
[WhiteFideId "34681841"]
[BlackFideId "16268865"]
[EventCountry "GER"]
[EventRounds "7"]
[EventType "team-swiss"]
[EventDate "2025.09.30"]

1. e4 {[%clk 01:30:59]} {[%emt 00:00:01]} c5 {[%clk 01:30:54]} {[%emt
00:00:06]} 2. Nf3 {[%clk 01:31:24]} {[%emt 00:00:05]} d6 {[%clk 01:31:19]}
{[%emt 00:00:06]} 3. d4 {[%clk 01:31:50]} {[%emt 00:00:04]} cxd4 {[%clk
01:31:44]} {[%emt 00:00:04]} 4. Nxd4 {[%clk 01:32:16]} {[%emt 00:00:03]} Nf6
{[%clk 01:32:09]} {[%emt 00:00:06]} 5. Nc3 {[%clk 01:32:33]} {[%emt 00:00:13]}
Nc6 {[%clk 01:32:33]} {[%emt 00:00:05]} 6. Be2 {[%clk 01:30:19]} {[%emt
00:02:44]} e5 {[%clk 01:32:57]} {[%emt 00:00:07]} 7. Nb3 {[%clk 01:30:25]}
{[%emt 00:00:24]} Be7 {[%clk 01:33:12]} {[%emt 00:00:15]} 8. Be3 {[%clk
01:30:32]} {[%emt 00:00:23]} O-O {[%clk 01:32:58]} {[%emt 00:00:44]} 9. Qd2
{[%clk 01:30:09]} {[%emt 00:00:53]} Be6 {[%clk 01:31:26]} {[%emt 00:02:04]} 10.
Rd1 {[%clk 01:27:48]} {[%emt 00:02:49]} a6 {[%clk 01:29:42]} {[%emt 00:02:15]}
11. O-O {[%emt 00:05:07]} Rc8 {[%clk 01:24:58]} {[%emt 00:02:03]} 12. h3 {[%clk
01:21:19]} {[%emt 00:05:33]} b5 {[%clk 01:21:33]} {[%emt 00:03:55]} 13. Bf3
{[%clk 01:20:06]} {[%emt 00:01:41]} Qc7 {[%clk 01:09:15]} {[%emt 00:12:49]} 14.
Bg5 {[%clk 01:08:44]} {[%emt 00:11:51]} Rfd8 {[%clk 01:02:45]} {[%emt
00:07:00]} 15. Bxf6 {[%clk 01:08:30]} {[%emt 00:00:45]} Bxf6 {[%clk 01:02:42]}
{[%emt 00:00:32]} 16. Bg4 {[%clk 01:05:34]} {[%emt 00:03:23]} Ne7 {[%clk
00:52:34]} {[%emt 00:10:40]} 17. Na1 {[%clk 00:57:57]} {[%emt 00:08:06]} h6
{[%clk 00:48:37]} {[%emt 00:04:29]} 18. Nd5 {[%clk 00:53:50]} {[%emt 00:04:37]}
Nxd5 {[%clk 00:46:55]} {[%emt 00:02:12]} 19. Bxe6 {[%clk 00:53:14]} {[%emt
00:01:06]} Ne3 {[%clk 00:35:57]} {[%emt 00:11:27]} 20. Bxc8 {[%clk 00:46:41]}
{[%emt 00:07:04]} Nxf1 {[%clk 00:35:50]} {[%emt 00:00:37]} 21. Kxf1 {[%clk
00:47:01]} {[%emt 00:00:09]} Qxc8 {[%clk 00:35:26]} {[%emt 00:00:55]} 22. Qd5
{[%clk 00:46:36]} {[%emt 00:00:48]} Be7 {[%clk 00:29:58]} {[%emt 00:06:04]} 23.
c3 {[%clk 00:46:23]} {[%emt 00:00:43]} Rd7 {[%clk 00:22:11]} {[%emt 00:08:18]}
24. Rd3 {[%clk 00:44:02]} {[%emt 00:02:52]} Rc7 {[%clk 00:17:13]} {[%emt
00:05:27]} 25. Nb3 {[%clk 00:41:31]} {[%emt 00:03:01]} Kf8 {[%clk 00:11:05]}
{[%emt 00:06:38]} 26. Rf3 {[%clk 00:41:10]} {[%emt 00:00:50]} f6 {[%clk
00:10:01]} {[%emt 00:01:36]} 27. Ke2 {[%clk 00:39:41]} {[%emt 00:01:59]} b4
{[%clk 00:07:47]} {[%emt 00:02:44]} 28. Qd2 {[%clk 00:35:28]} {[%emt 00:04:42]}
a5 {[%clk 00:06:31]} {[%emt 00:01:47]} 29. Kd1 {[%clk 00:31:11]} {[%emt
00:04:46]} a4 {[%clk 00:04:22]} {[%emt 00:02:40]} 30. Nc1 {[%clk 00:28:30]}
{[%emt 00:03:11]} Qa6 {[%clk 00:03:20]} {[%emt 00:01:31]} 31. Qd3 {[%clk
00:27:07]} {[%emt 00:01:53]} Qc8 {[%clk 00:00:59]} {[%emt 00:02:52]} 32. Ne2
{[%clk 00:26:34]} {[%emt 00:01:03]} Rc4 {[%clk 00:00:57]} {[%emt 00:00:32]} 33.
b3 {[%clk 00:26:32]} {[%emt 00:00:32]} axb3 {[%clk 00:00:49]} {[%emt 00:00:39]}
34. axb3 {[%clk 00:26:55]} {[%emt 00:00:06]} Rc7 {[%clk 00:01:01]} {[%emt
00:00:17]} 35. cxb4 {[%clk 00:21:57]} {[%emt 00:05:29]} Qa8 {[%clk 00:00:40]}
{[%emt 00:00:51]} 36. Qb1 {[%clk 00:22:11]} {[%emt 00:00:15]} Ra7 {[%clk
00:00:47]} {[%emt 00:00:24]} 37. Nc1 {[%clk 00:21:55]} {[%emt 00:00:45]} d5
{[%clk 00:00:59]} {[%emt 00:00:18]} 38. exd5 {[%clk 00:21:28]} {[%emt
00:00:57]} Qxd5+ {[%clk 00:01:09]} {[%emt 00:00:21]} 39. Qd3 {[%clk 00:21:45]}
{[%emt 00:00:09]} Rd7 {[%clk 00:00:44]} {[%emt 00:00:59]} 40. Qxd5 {[%clk
00:21:53]} {[%emt 00:00:21]} Rxd5+ {[%clk 00:01:09]} {[%emt 00:00:05]} 41. Rd3
{[%clk 00:22:11]} {[%emt 00:00:13]} Rb5 {[%clk 00:00:38]} {[%emt 00:01:00]} 42.
Na2 {[%clk 00:22:19]} {[%emt 00:00:22]} Bxb4 {[%clk 00:23:46]} {[%emt
00:07:22]} 43. Nxb4 {[%clk 00:52:34]} {[%emt 00:00:15]} Rxb4 {[%clk 00:24:11]}
{[%emt 00:00:05]} 44. Kc2 {[%clk 00:52:32]} {[%emt 00:00:32]} Ke7 {[%clk
00:24:05]} {[%emt 00:00:36]} 45. Kc3 {[%clk 00:52:38]} {[%emt 00:00:23]} Rb8
{[%clk 00:23:57]} {[%emt 00:00:38]} 46. b4 {[%clk 00:50:31]} {[%emt 00:02:37]}
Ke6 {[%clk 00:20:41]} {[%emt 00:03:46]} 47. g4 {[%clk 00:45:06]} {[%emt
00:05:55]} g6 {[%clk 00:10:54]} {[%emt 00:10:17]} 48. Re3 {[%clk 00:41:37]}
{[%emt 00:03:59]} f5 {[%clk 00:06:42]} {[%emt 00:04:42]} 49. gxf5+ {[%clk
00:34:02]} {[%emt 00:08:05]} gxf5 {[%clk 00:06:35]} {[%emt 00:00:38]} 50. Rg3
{[%clk 00:33:43]} {[%emt 00:00:49]} Kf6 {[%clk 00:06:05]} {[%emt 00:01:00]} 51.
h4 {[%clk 00:33:48]} {[%emt 00:00:24]} f4 {[%clk 00:04:10]} {[%emt 00:02:26]}
52. Rg1 {[%clk 00:22:05]} {[%emt 00:12:13]} Kf5 {[%clk 00:01:05]} {[%emt
00:03:35]} 53. h5 {[%clk 00:14:29]} {[%emt 00:08:05]} e4 {[%clk 00:01:05]}
{[%emt 00:00:29]} 54. Rg7 {[%clk 00:14:40]} {[%emt 00:00:18]} e3 {[%clk
00:00:43]} {[%emt 00:00:55]} 55. fxe3 {[%clk 00:06:38]} {[%emt 00:08:32]} fxe3
{[%clk 00:01:01]} {[%emt 00:00:11]} 56. Re7 {[%clk 00:06:49]} {[%emt 00:00:18]}
Kf4 {[%clk 00:01:04]} {[%emt 00:00:28]} 57. Rf7+ {[%clk 00:06:24]} {[%emt
00:00:52]} Ke4 {[%clk 00:01:14]} {[%emt 00:00:22]} 58. Re7+ {[%clk 00:05:55]}
{[%emt 00:01:00]} Kf3 {[%clk 00:01:23]} {[%emt 00:00:21]} 59. Rf7 {[%clk
00:05:44]} {[%emt 00:00:41]} Ke2 {[%clk 00:00:54]} {[%emt 00:00:58]} 60. Re7
{[%clk 00:04:47]} {[%emt 00:01:28]} Kf2 {[%clk 00:00:44]} {[%emt 00:00:40]} 61.
Rf7+ {[%clk 00:04:58]} {[%emt 00:00:19]} Ke1 {[%clk 00:00:34]} {[%emt
00:00:40]} 62. Re7 {[%clk 00:04:45]} {[%emt 00:00:43]} e2 {[%clk 00:00:47]}
{[%emt 00:00:17]} 63. Re6 {[%clk 00:03:16]} {[%emt 00:01:59]} Rd8 {[%clk
00:00:54]} {[%emt 00:00:23]} 64. b5 {[%clk 00:03:28]} {[%emt 00:00:18]} Kd1
{[%clk 00:00:59]} {[%emt 00:00:25]} 0-1

[Event "Deutsche Ländermeisterschaft 2025"]
[Site "Oer-Erkenschwick GER"]
[Date "2025.10.01"]
[Round "2"]
[White "Margaryan, Susanna"]
[Black "Blöcher, Mina"]
[Result "1-0"]
[Termination "normal"]
[Board "6.7"]
[WhiteElo "1750"]
[BlackElo "1571"]
[WhiteClock "00:06:07"]
[BlackClock "00:06:13"]
[WhiteTeam "Schleswig-Holstein"]
[BlackTeam "Hamburg 2"]
[PlyCount "153"]
[WhiteFideId "16268210"]
[BlackFideId "34663339"]
[EventCountry "GER"]
[EventRounds "7"]
[EventType "team-swiss"]
[EventDate "2025.09.30"]

1. e4 {[%clk 01:30:51]} {[%emt 00:00:08]} c6 {[%clk 01:30:56]} {[%emt
00:00:05]} 2. d4 {[%clk 01:31:17]} {[%emt 00:00:04]} d5 {[%clk 01:31:22]}
{[%emt 00:00:03]} 3. e5 {[%clk 01:31:29]} {[%emt 00:00:18]} c5 {[%clk
01:31:39]} {[%emt 00:00:13]} 4. f4 {[%clk 01:31:27]} {[%emt 00:00:32]} Nc6
{[%clk 01:31:49]} {[%emt 00:00:20]} 5. Nf3 {[%clk 01:31:13]} {[%emt 00:00:45]}
Bg4 {[%clk 01:32:12]} {[%emt 00:00:08]} 6. Be3 {[%clk 01:30:28]} {[%emt
00:01:15]} Bxf3 {[%clk 01:23:50]} {[%emt 00:08:51]} 7. gxf3 {[%clk 01:30:29]}
{[%emt 00:00:29]} e6 {[%clk 01:22:35]} {[%emt 00:01:45]} 8. Bb5 {[%clk
01:25:07]} {[%emt 00:05:52]} Nge7 {[%clk 01:17:23]} {[%emt 00:05:42]} 9. c3
{[%clk 01:24:16]} {[%emt 00:01:21]} Nf5 {[%clk 01:15:44]} {[%emt 00:02:09]} 10.
Bf2 {[%clk 01:22:50]} {[%emt 00:01:56]} Be7 {[%clk 01:12:51]} {[%emt 00:03:23]}
11. dxc5 {[%clk 01:20:23]} {[%emt 00:02:57]} Bh4 {[%clk 01:04:44]} {[%emt
00:08:36]} 12. Qd2 {[%clk 01:14:46]} {[%emt 00:06:07]} O-O {[%clk 00:57:55]}
{[%emt 00:07:19]} 13. Na3 {[%clk 01:11:59]} {[%emt 00:03:17]} Nce7 {[%clk
00:51:46]} {[%emt 00:06:38]} 14. O-O-O {[%clk 01:07:58]} {[%emt 00:04:33]} Bxf2
{[%clk 00:45:45]} {[%emt 00:06:31]} 15. Qxf2 {[%clk 01:08:10]} {[%emt
00:00:19]} Ng6 {[%clk 00:45:24]} {[%emt 00:00:50]} 16. Bd3 {[%clk 01:03:53]}
{[%emt 00:04:47]} Nxf4 {[%clk 00:42:20]} {[%emt 00:03:34]} 17. Bxf5 {[%clk
01:03:42]} {[%emt 00:00:42]} Qg5 {[%clk 00:37:57]} {[%emt 00:04:53]} 18. Bxh7+
{[%clk 01:03:49]} {[%emt 00:00:23]} Kxh7 {[%clk 00:36:51]} {[%emt 00:01:36]}
19. Kb1 {[%clk 01:01:01]} {[%emt 00:03:18]} Qxe5 {[%clk 00:29:29]} {[%emt
00:07:52]} 20. Rd4 {[%clk 00:57:12]} {[%emt 00:04:19]} Qf5+ {[%clk 00:26:18]}
{[%emt 00:03:41]} 21. Ka1 {[%clk 00:57:01]} {[%emt 00:00:41]} Kg8 {[%clk
00:23:56]} {[%emt 00:02:51]} 22. h4 {[%clk 00:56:33]} {[%emt 00:00:59]} Nd3
{[%clk 00:21:12]} {[%emt 00:03:13]} 23. Qg2 {[%clk 00:55:31]} {[%emt 00:01:29]}
Nf4 {[%clk 00:18:50]} {[%emt 00:02:55]} 24. Qf2 {[%clk 00:50:58]} {[%emt
00:05:02]} Nd3 {[%clk 00:18:59]} {[%emt 00:00:23]} 25. Qe3 {[%clk 00:49:56]}
{[%emt 00:01:31]} Ne5 {[%clk 00:14:53]} {[%emt 00:04:36]} 26. Rf4 {[%clk
00:48:59]} {[%emt 00:01:27]} Qh5 {[%clk 00:14:06]} {[%emt 00:01:18]} 27. Rg1
{[%clk 00:49:00]} {[%emt 00:00:29]} Ng6 {[%clk 00:13:55]} {[%emt 00:00:41]} 28.
Rfg4 {[%clk 00:47:26]} {[%emt 00:02:04]} Kh8 {[%clk 00:12:17]} {[%emt
00:02:08]} 29. Rh1 {[%clk 00:45:12]} {[%emt 00:02:45]} Ne7 {[%clk 00:11:45]}
{[%emt 00:01:01]} 30. Rg5 {[%clk 00:45:05]} {[%emt 00:00:38]} Qh6 {[%clk
00:11:55]} {[%emt 00:00:20]} 31. Qe2 {[%clk 00:42:40]} {[%emt 00:02:53]} Nf5
{[%clk 00:11:56]} {[%emt 00:00:31]} 32. f4 {[%clk 00:42:35]} {[%emt 00:00:35]}
Qf6 {[%clk 00:10:35]} {[%emt 00:01:51]} 33. Qh5+ {[%clk 00:39:31]} {[%emt
00:03:35]} Qh6 {[%clk 00:09:45]} {[%emt 00:01:19]} 34. Qg4 {[%clk 00:35:07]}
{[%emt 00:04:54]} Qf6 {[%clk 00:09:39]} {[%emt 00:00:37]} 35. h5 {[%clk
00:34:42]} {[%emt 00:00:55]} Qh6 {[%clk 00:09:19]} {[%emt 00:00:50]} 36. Rh3
{[%clk 00:33:40]} {[%emt 00:01:31]} Rg8 {[%clk 00:08:06]} {[%emt 00:01:43]} 37.
Nc2 {[%clk 00:30:58]} {[%emt 00:03:13]} Qh7 {[%clk 00:08:11]} {[%emt 00:00:25]}
38. Ne1 {[%clk 00:27:40]} {[%emt 00:03:48]} Nh6 {[%clk 00:07:57]} {[%emt
00:00:43]} 39. Qe2 {[%clk 00:27:23]} {[%emt 00:00:47]} Rac8 {[%clk 00:06:32]}
{[%emt 00:01:54]} 40. b4 {[%clk 00:26:19]} {[%emt 00:01:35]} Qe4 {[%clk
00:05:40]} {[%emt 00:01:21]} 41. Qd2 {[%clk 00:20:12]} {[%emt 00:06:39]} Rc6
{[%clk 00:03:56]} {[%emt 00:02:13]} 42. Re5 {[%clk 00:20:00]} {[%emt 00:00:42]}
Qc4 {[%clk 00:03:57]} {[%emt 00:00:28]} 43. Rd3 {[%clk 00:18:14]} {[%emt
00:02:17]} Ra6 {[%clk 00:01:50]} {[%emt 00:02:36]} 44. Nf3 {[%clk 00:13:11]}
{[%emt 00:05:34]} Nf5 {[%clk 00:01:13]} {[%emt 00:01:07]} 45. Ne1 {[%clk
00:06:14]} {[%emt 00:07:28]} Ra4 {[%clk 00:26:12]} {[%emt 00:05:29]} 46. Rh3
{[%clk 00:31:15]} {[%emt 00:05:29]} Nh6 {[%clk 00:25:38]} {[%emt 00:01:05]} 47.
Kb1 {[%clk 00:30:24]} {[%emt 00:01:21]} Rc8 {[%clk 00:22:38]} {[%emt 00:03:30]}
48. Rg5 {[%clk 00:29:13]} {[%emt 00:01:41]} Rc6 {[%clk 00:21:01]} {[%emt
00:02:06]} 49. Nd3 {[%clk 00:18:35]} {[%emt 00:11:09]} Rca6 {[%clk 00:17:28]}
{[%emt 00:04:02]} 50. Nc1 {[%clk 00:18:07]} {[%emt 00:01:00]} Qf1 {[%clk
00:17:21]} {[%emt 00:00:37]} 51. Qg2 {[%clk 00:15:47]} {[%emt 00:02:50]} Qxf4
{[%clk 00:13:36]} {[%emt 00:04:14]} 52. Rxg7 {[%clk 00:14:36]} {[%emt
00:01:41]} Qe4+ {[%clk 00:13:33]} {[%emt 00:00:33]} 53. Qxe4 {[%clk 00:14:20]}
{[%emt 00:00:47]} dxe4 {[%clk 00:13:59]} {[%emt 00:00:04]} 54. Rg5 {[%clk
00:14:00]} {[%emt 00:00:49]} Rc6 {[%clk 00:13:14]} {[%emt 00:01:15]} 55. Kb2
{[%clk 00:13:42]} {[%emt 00:00:48]} Rc8 {[%clk 00:12:26]} {[%emt 00:01:18]} 56.
Re3 {[%clk 00:13:44]} {[%emt 00:00:28]} f5 {[%clk 00:11:57]} {[%emt 00:00:58]}
57. Kb3 {[%clk 00:13:13]} {[%emt 00:01:01]} b5 {[%clk 00:10:36]} {[%emt
00:01:50]} 58. cxb6 {[%clk 00:13:30]} {[%emt 00:00:15]} Ra6 {[%clk 00:10:54]}
{[%emt 00:00:09]} 59. bxa7 {[%clk 00:13:01]} {[%emt 00:01:01]} Rxa7 {[%clk
00:10:33]} {[%emt 00:00:50]} 60. a4 {[%clk 00:09:34]} {[%emt 00:03:58]} Ng4
{[%clk 00:10:06]} {[%emt 00:00:57]} 61. Re1 {[%clk 00:08:32]} {[%emt 00:01:30]}
Rac7 {[%clk 00:10:15]} {[%emt 00:00:23]} 62. Ne2 {[%clk 00:08:07]} {[%emt
00:00:56]} Ne3 {[%clk 00:09:50]} {[%emt 00:00:54]} 63. Rc1 {[%clk 00:07:45]}
{[%emt 00:00:50]} Nc4 {[%clk 00:09:58]} {[%emt 00:00:24]} 64. Rg6 {[%clk
00:06:47]} {[%emt 00:01:29]} e5 {[%clk 00:09:54]} {[%emt 00:00:34]} 65. b5
{[%clk 00:05:53]} {[%emt 00:01:23]} Rb8 {[%clk 00:07:28]} {[%emt 00:02:56]} 66.
Rcg1 {[%clk 00:05:53]} {[%emt 00:00:31]} f4 {[%clk 00:07:33]} {[%emt 00:00:25]}
67. Rh6+ {[%clk 00:06:12]} {[%emt 00:00:11]} Rh7 {[%clk 00:07:13]} {[%emt
00:00:50]} 68. Rxh7+ {[%clk 00:06:35]} {[%emt 00:00:07]} Kxh7 {[%clk 00:07:42]}
{[%emt 00:00:01]} 69. Kxc4 {[%clk 00:06:55]} {[%emt 00:00:10]} Rd8 {[%clk
00:07:51]} {[%emt 00:00:20]} 70. b6 {[%clk 00:06:20]} {[%emt 00:01:05]} f3
{[%clk 00:08:06]} {[%emt 00:00:15]} 71. Ng3 {[%clk 00:06:03]} {[%emt 00:00:47]}
Rg8 {[%clk 00:07:45]} {[%emt 00:00:51]} 72. b7 {[%clk 00:05:27]} {[%emt
00:01:07]} e3 {[%clk 00:07:14]} {[%emt 00:01:01]} 73. b8=Q {[%clk 00:05:22]}
{[%emt 00:00:34]} Rxb8 {[%clk 00:07:30]} {[%emt 00:00:15]} 74. Kd3 {[%clk
00:05:31]} {[%emt 00:00:21]} Rb3 {[%clk 00:06:22]} {[%emt 00:01:38]} 75. Ne4
{[%clk 00:05:20]} {[%emt 00:00:41]} Ra3 {[%clk 00:06:17]} {[%emt 00:00:35]} 76.
Nf6+ {[%clk 00:05:43]} {[%emt 00:00:07]} Kh6 {[%clk 00:06:13]} {[%emt
00:00:32]} 77. Rg6# {[%clk 00:06:07]} {[%emt 00:00:06]} 1-0

[Event "Deutsche Ländermeisterschaft 2025"]
[Site "Oer-Erkenschwick GER"]
[Date "2025.10.01"]
[Round "2"]
[White "Seyedfakhari, Elena"]
[Black "Vasilieva, Sophie Victoria"]
[Result "1-0"]
[Termination "normal"]
[Board "6.8"]
[WhiteElo "1469"]
[BlackElo "1488"]
[WhiteClock "01:26:05"]
[BlackClock "00:38:40"]
[WhiteTeam "Hamburg 2"]
[BlackTeam "Schleswig-Holstein"]
[PlyCount "85"]
[WhiteFideId "34639888"]
[BlackFideId "533007071"]
[EventCountry "GER"]
[EventRounds "7"]
[EventType "team-swiss"]
[EventDate "2025.09.30"]

1. e4 {[%clk 01:30:58]} {[%emt 00:00:02]} c6 {[%clk 01:30:50]} {[%emt
00:00:10]} 2. Nf3 {[%clk 01:31:12]} {[%emt 00:00:15]} d5 {[%clk 01:31:05]}
{[%emt 00:00:16]} 3. Ng5 {[%clk 01:31:28]} {[%emt 00:00:15]} dxe4 {[%clk
01:17:40]} {[%emt 00:13:55]} 4. d3 {[%clk 01:31:23]} {[%emt 00:00:33]} exd3
{[%clk 01:17:16]} {[%emt 00:00:54]} 5. Bxd3 {[%clk 01:31:32]} {[%emt 00:00:21]}
Nf6 {[%clk 01:16:29]} {[%emt 00:01:14]} 6. Nxf7 {[%clk 01:31:08]} {[%emt
00:00:58]} Qa5+ {[%clk 01:15:37]} {[%emt 00:01:22]} 7. Bd2 {[%clk 01:31:07]}
{[%emt 00:00:31]} Qd5 {[%clk 01:14:07]} {[%emt 00:01:59]} 8. Nxh8 {[%clk
01:30:47]} {[%emt 00:00:50]} Qg8 {[%clk 01:10:53]} {[%emt 00:03:44]} 9. O-O
{[%clk 01:30:17]} {[%emt 00:01:00]} Qxh8 {[%clk 01:10:11]} {[%emt 00:01:12]}
10. Nc3 {[%clk 01:30:01]} {[%emt 00:00:47]} Qg8 {[%clk 01:08:40]} {[%emt
00:01:59]} 11. Re1 {[%clk 01:29:47]} {[%emt 00:00:44]} g5 {[%clk 01:08:09]}
{[%emt 00:01:01]} 12. Ne4 {[%clk 01:29:33]} {[%emt 00:00:44]} Nxe4 {[%clk
01:01:47]} {[%emt 00:06:52]} 13. Bxe4 {[%clk 01:29:00]} {[%emt 00:01:03]} Be6
{[%clk 00:59:12]} {[%emt 00:03:04]} 14. Qh5+ {[%clk 01:28:27]} {[%emt
00:01:03]} Bf7 {[%clk 00:58:17]} {[%emt 00:01:26]} 15. Qxg5 {[%clk 01:28:14]}
{[%emt 00:00:44]} Qxg5 {[%clk 00:58:17]} {[%emt 00:00:30]} 16. Bxg5 {[%clk
01:28:30]} {[%emt 00:00:13]} h6 {[%clk 00:56:35]} {[%emt 00:02:12]} 17. Bh4
{[%clk 01:28:09]} {[%emt 00:00:52]} Nd7 {[%clk 00:53:29]} {[%emt 00:03:36]} 18.
Rad1 {[%clk 01:27:29]} {[%emt 00:01:08]} Nc5 {[%clk 00:46:22]} {[%emt
00:07:38]} 19. a3 {[%clk 01:27:14]} {[%emt 00:00:46]} a5 {[%clk 00:43:07]}
{[%emt 00:03:44]} 20. b4 {[%clk 01:26:59]} {[%emt 00:00:46]} axb4 {[%clk
00:42:34]} {[%emt 00:01:03]} 21. axb4 {[%clk 01:27:03]} {[%emt 00:00:26]} Na6
{[%clk 00:40:44]} {[%emt 00:02:20]} 22. b5 {[%clk 01:26:55]} {[%emt 00:00:38]}
cxb5 {[%clk 00:40:36]} {[%emt 00:00:38]} 23. Bxb7 {[%clk 01:26:38]} {[%emt
00:00:47]} Ra7 {[%clk 00:40:52]} {[%emt 00:00:13]} 24. Bc6+ {[%clk 01:26:17]}
{[%emt 00:00:51]} Rd7 {[%clk 00:40:00]} {[%emt 00:01:21]} 25. Bxd7+ {[%clk
01:26:26]} {[%emt 00:00:22]} Kd8 {[%clk 00:40:18]} {[%emt 00:00:11]} 26. Bxb5+
{[%clk 01:26:38]} {[%emt 00:00:19]} Kc7 {[%clk 00:40:27]} {[%emt 00:00:20]} 27.
Rd7+ {[%clk 01:25:45]} {[%emt 00:01:23]} Kb6 {[%clk 00:40:44]} {[%emt
00:00:13]} 28. Bxa6 {[%clk 01:25:45]} {[%emt 00:00:31]} Kxa6 {[%clk 00:40:56]}
{[%emt 00:00:18]} 29. Rb1 {[%clk 01:25:52]} {[%emt 00:00:21]} Be6 {[%clk
00:39:42]} {[%emt 00:01:45]} 30. Rd8 {[%clk 01:25:54]} {[%emt 00:00:27]} Ka7
{[%clk 00:39:41]} {[%emt 00:00:30]} 31. Rxf8 {[%clk 01:26:01]} {[%emt
00:00:24]} Bd5 {[%clk 00:39:28]} {[%emt 00:00:28]} 32. Rf4 {[%clk 01:26:05]}
{[%emt 00:00:40]} Bb7 {[%clk 00:39:27]} {[%emt 00:00:33]} 33. Ra4+ {[%clk
01:26:11]} {[%emt 00:00:23]} Kb8 {[%clk 00:39:42]} {[%emt 00:00:15]} 34. Rab4
{[%clk 01:26:17]} {[%emt 00:00:23]} Kc7 {[%clk 00:39:54]} {[%emt 00:00:19]} 35.
Rxb7+ {[%clk 01:26:29]} {[%emt 00:00:18]} Kd6 {[%clk 00:40:05]} {[%emt
00:00:20]} 36. Bxe7+ {[%clk 01:26:12]} {[%emt 00:00:47]} Kd5 {[%clk 00:40:14]}
{[%emt 00:00:21]} 37. f4 {[%clk 01:26:02]} {[%emt 00:00:39]} Ke4 {[%clk
00:39:49]} {[%emt 00:00:54]} 38. Rd7 {[%clk 01:26:06]} {[%emt 00:00:26]} Kf5
{[%clk 00:39:53]} {[%emt 00:00:27]} 39. Rb5+ {[%clk 01:25:48]} {[%emt
00:00:45]} Kg6 {[%clk 00:39:36]} {[%emt 00:00:46]} 40. Rd6+ {[%clk 01:25:54]}
{[%emt 00:00:26]} Kf7 {[%clk 00:39:58]} {[%emt 00:00:10]} 41. Bh4 {[%clk
01:25:34]} {[%emt 00:00:45]} Ke8 {[%clk 00:38:24]} {[%emt 00:02:05]} 42. Rb7
{[%clk 01:25:47]} {[%emt 00:00:18]} Kf8 {[%clk 00:38:40]} {[%emt 00:00:18]} 43.
Rd8# {[%clk 01:26:05]} {[%emt 00:00:10]} 1-0